El Priorat : anàlisi econòmica i possibilitats de desenvolupament anàlisi econòmica i possibilitats de desenvolupament
Publicado:
Barcelona :
Generalitat de Catalunya, Departament de Política Territorial i Obres Públiques, Direcció General de Política Territorial ,
1981
Descripción Física:
270 p. : amb map. ; 30 cm
Otros Autores:
Catalunya. Direcció General de Política Territorial
MARC
| LEADER | 00000nam a2200000Ia 4500 | ||
|---|---|---|---|
| 001 | 1157 | ||
| 008 | 160829s1981 xx 000 0 cat d | ||
| 080 | |a M-1-85 | ||
| 245 | |a El Priorat : |b anàlisi econòmica i possibilitats de desenvolupament | ||
| 260 | |a Barcelona : |b Generalitat de Catalunya, Departament de Política Territorial i Obres Públiques, Direcció General de Política Territorial, |c 1981 | ||
| 300 | |a 270 p. : |b amb map. ; |c 30 cm | ||
| 650 | |a Priorat |x Condicions econòmiques |9 39628 | ||
| 650 | |a Priorat |x Condicions socials |9 22017 | ||
| 700 | |a Catalunya. Direcció General de Política Territorial |9 22018 | ||
| 901 | |a Arxiu | ||
| 942 | |n 1 | ||
| 952 | |0 0 |1 0 |4 0 |6 M185 |7 1 |9 42003 |a Arxiu |b Arxiu |d 2016-12-01 |l 0 |o M-1-85 |p 1157 |r 2016-12-01 00:00:00 |w 2016-12-01 |y ARXIU | ||
| 999 | |c 44450 |d 44450 | ||